| 000 | 00669nam a2200277Ia 4500 | ||
|---|---|---|---|
| 005 | 20260320195734.0 | ||
| 008 | 008 262003s9999 xx 000 0 hin d | ||
| 020 | _a9788126713967 | ||
| 037 | _aEBOOK | ||
| 040 | _aCRL | ||
| 040 | _bhin | ||
| 040 | _cCRL | ||
| 041 | _2hin | ||
| 041 | _ahin | ||
| 084 | _qCRL | ||
| 100 |
_aश्रीलाल शुक्ल _91132972 |
||
| 245 | 0 | _aराग दरबारी | |
| 250 | _a53rd | ||
| 260 | _bRajkamal | ||
| 260 | _c1983 | ||
| 300 | _a336 | ||
| 856 | _uhttps://ebook.indiaread.in/pdfs/rag_darbari_by_shrilal_shukla_rkp.pdf | ||
| 942 | _cEBOOK | ||
| 999 |
_c1716226 _d1716226 |
||